000 00764cab a2200253 4500
001 ABS54035
008 090401t1995 xxu||||| |||| 00| 0 eng d
035 _a(Sirsi) u8007
041 _aeng
100 _aStanton, B.
245 _aTree roots: a foreseeable nuisance?
260 _c1995
350 _a0
490 _aSolicitors` Journal
_v139(44) 17 November 1995, 1146-1147(2)
520 _aLooks at when a homeowner may be able to recover damages for subsidence due to tree root activity and who is the responsible party: local authority, neighbour or surveyor.
650 _aFORESEEABILITY
650 _aLIABILITY
650 _aSUBSIDENCE
650 _aTREE ROOTS
690 _aLAW
700 _aWignall, G.
942 _n0
948 _c04/03/1997
999 _c4877
_d4877